000 00447nam a2200181Ia 4500
008 240925s9999 xx 000 0 und d
020 _a9812400672
082 _a621.21 SHE
100 _aShetty, Devdas
245 0 _aMechatronics System Design
250 _aNA
260 _aBoston:
_bThomson
_c,2001.
300 _a869p.
_bNA
_fPhotocopy
500 _aIncludes Index
600 _aElectronic Engineering
650 _aTechnology
942 _cBK
999 _c7458
_d7458